[Event "Bad-Woerishofen open"]
[Site "?"]
[Date "2010.03.07"]
[Round "2.3"]
[White "Gerstner, Bernhard"]
[Black "Malaniuk, Vladimir"]
[Result "0-1"]
[WhiteElo "2190"]
[BlackElo "2582"]
[PlyCount "74"]
[EventDate "2010.??.??"]

1. d4 f5 2. Nf3 g6 3. g3 Bg7 4. Bg2 Nf6 5. O-O O-O 6. b3 d6 7. Bb2 Qe8 8. c4
Na6 9. Qc2 c5 10. Nbd2 Bd7 11. Rac1 Rb8 12. a3 cxd4 13. Bxd4 b6 14. Ba1 e5 15.
b4 e4 16. Nd4 Rc8 17. c5 dxc5 18. Qc4+ Rf7 19. Qxa6 cxd4 20. Bxd4 Rd8 21. Qxa7
Bb5 22. Qxb6 Nd5 23. Qc5 Bxd4 24. Qxd4 Nf4 25. Qb2 Nxe2+ 26. Kh1 Nxc1 27. Rxc1
Qd7 28. Nf1 Qd4 29. Qa2 Kg7 30. Ne3 Rdd7 31. h3 h5 32. Rc5 Bd3 33. Rc6 h4 34.
gxh4 f4 35. Ng4 e3 36. Bf3 e2 37. Re6 Bc4 0-1

[Event "Bad-Woerishofen open"]
[Site "?"]
[Date "2010.03.07"]
[Round "2.4"]
[White "Luther, Thomas"]
[Black "Schaefer, Michael"]
[Result "1-0"]
[WhiteElo "2559"]
[BlackElo "2193"]
[PlyCount "49"]
[EventDate "2010.??.??"]

1. e4 c5 2. Nf3 Nc6 3. d4 cxd4 4. Nxd4 Nf6 5. Nc3 e5 6. Ndb5 h6 7. Bc4 d6 8.
Nd5 Nxd5 9. Bxd5 Be7 10. Qh5 g6 11. Qf3 Rh7 12. O-O a6 13. Nc3 Bg5 14. Be3 Qf6
15. Qe2 Qd8 16. Rad1 f5 17. Bxc6+ bxc6 18. Qc4 Ke7 19. Qxc6 Bxe3 20. Qxa8 Bd4
21. Rxd4 exd4 22. Qa7+ Qd7 23. Nd5+ Kf8 24. Qxd4 Qc6 25. Nf4 1-0

[Event "Bad-Woerishofen open"]
[Site "?"]
[Date "2010.03.07"]
[Round "2.5"]
[White "Eperjesi, Lazlo Dr"]
[Black "Teske, Henrik"]
[Result "1-0"]
[WhiteElo "2183"]
[BlackElo "2553"]
[PlyCount "80"]
[EventDate "2010.??.??"]

1. d4 Nf6 2. Nf3 c5 3. d5 b5 4. a4 b4 5. Bg5 Ne4 6. Bf4 e6 7. e3 Bb7 8. Bc4 g5
9. Be5 f6 10. Bxb8 exd5 11. Bxd5 Qxb8 12. a5 Qc7 13. Qd3 f5 14. O-O O-O-O 15.
Nbd2 g4 16. Bxb7+ Qxb7 17. a6 Qc7 18. Nh4 d5 19. Nxf5 Nxd2 20. Qxd2 Qe5 21. Ng3
h5 22. Rfd1 h4 23. Nf1 Rh6 24. c3 h3 25. Qe2 Qe4 26. f3 Qe6 27. fxg4 hxg2 28.
Qxg2 Bd6 29. h3 bxc3 30. bxc3 Be5 31. Ra5 Qb6 32. Ra2 Rhd6 33. Qc2 c4 34. Rb1
Qc6 35. Rb7 Rf6 36. Ra5 Rdf8 37. Ra1 d4 38. cxd4 Rf2 39. Qxf2 Rxf2 40. Kxf2 Bc7
1-0

[Event "Bad-Woerishofen open"]
[Site "?"]
[Date "2010.03.07"]
[Round "2.6"]
[White "Abergel, Thal"]
[Black "Babar, Michael"]
[Result "1-0"]
[WhiteElo "2547"]
[BlackElo "2187"]
[PlyCount "45"]
[EventDate "2010.??.??"]

1. e4 c5 2. Nf3 d6 3. Bc4 e6 4. d4 cxd4 5. Nxd4 a6 6. Nc3 Qc7 7. Bb3 Nf6 8. g4
h6 9. h4 Nc6 10. Nxc6 bxc6 11. Qe2 Be7 12. g5 hxg5 13. Bxg5 Bb7 14. O-O-O d5
15. Rhe1 Kf8 16. Rg1 Rd8 17. Qe3 Nh5 18. Kb1 f6 19. Qf3 d4 20. Ne2 e5 21. Bc1
Bc8 22. Rg5 Nf4 23. Bxf4 1-0

[Event "Bad-Woerishofen open"]
[Site "?"]
[Date "2010.03.07"]
[Round "2.7"]
[White "Weisenburger, Horst"]
[Black "Nyzhnyk, Illya"]
[Result "0-1"]
[WhiteElo "2177"]
[BlackElo "2544"]
[PlyCount "86"]
[EventDate "2010.??.??"]

1. f4 c5 2. g3 Nc6 3. Nf3 Nf6 4. Bg2 g6 5. O-O Bg7 6. d3 d5 7. Qe1 d4 8. a4 O-O
9. Na3 Be6 10. Rb1 Ba2 11. Ra1 Bd5 12. c4 dxc3 13. bxc3 Na5 14. c4 Bxf3 15.
Rxf3 Ne4 16. Be3 Bxa1 17. Qxa1 Nf6 18. Qc3 Qb6 19. Nc2 Rad8 20. Rf1 Nc6 21. Qa3
Nd4 22. Bxd4 cxd4 23. Qxe7 Rfe8 24. Qxb7 Rxe2 25. Qxb6 axb6 26. Nb4 Rb2 27. Nc6
Rd6 28. Ne5 Ra2 29. Bc6 Kg7 30. Rb1 Ng4 31. Bd5 Ne3 32. Bxf7 Rxa4 33. c5 bxc5
34. Rb7 Rb4 35. Rc7 Kf8 36. Rc8+ Ke7 37. Re8+ Kf6 38. Rf8 Rdb6 39. Ba2+ Ke7 40.
Rf7+ Ke8 41. Rxh7 Rb2 42. Ra7 Rg2+ 43. Kh1 Rxa2 0-1

[Event "Bad-Woerishofen open"]
[Site "?"]
[Date "2010.03.07"]
[Round "2.9"]
[White "Kozlov, Alexander"]
[Black "Romanishin, Oleg"]
[Result "0-1"]
[WhiteElo "2163"]
[BlackElo "2513"]
[PlyCount "78"]
[EventDate "2010.??.??"]

1. d4 Nf6 2. c4 e6 3. Nf3 Bb4+ 4. Bd2 c5 5. Nc3 cxd4 6. Nxd4 Nc6 7. Nxc6 dxc6
8. a3 Be7 9. Bf4 Qa5 10. Bd6 Ne4 11. Bxe7 Nxc3 12. Qd2 Kxe7 13. Rc1 Rd8 14.
Qxc3 Qxc3+ 15. Rxc3 e5 16. c5 Be6 17. e4 Rd7 18. Bd3 Rad8 19. Ke2 f5 20. f3 f4
21. Rd1 g5 22. Bc2 g4 23. Bb3 gxf3+ 24. gxf3 Rxd1 25. Bxd1 Rg8 26. Rc2 Bb3 27.
Rc3 Be6 28. Kf2 Bh3 29. Rc2 Rg2+ 30. Ke1 Rg1+ 31. Ke2 Rh1 32. Rd2 Rxh2+ 33. Kd3
Rh1 34. Kc2 h5 35. Rf2 h4 36. Kd2 Be6 37. Be2 h3 38. Rf1 Rh2 39. Ke1 Rg2 0-1

[Event "Bad-Woerishofen open"]
[Site "?"]
[Date "2010.03.07"]
[Round "2.10"]
[White "Mainka, Romuald"]
[Black "Pluemer, Detlef"]
[Result "1-0"]
[WhiteElo "2510"]
[BlackElo "2183"]
[PlyCount "41"]
[EventDate "2010.??.??"]

1. e4 e6 2. d3 d5 3. Qe2 Nf6 4. Nf3 Be7 5. g3 c5 6. e5 Nfd7 7. c4 dxc4 8. dxc4
Nc6 9. h4 Nd4 10. Nxd4 cxd4 11. Bf4 Qa5+ 12. Nd2 Nc5 13. a3 Nb3 14. Rd1 f6 15.
Bg2 d3 16. Qxd3 fxe5 17. Bg5 Nc5 18. Qe3 Qc7 19. b4 Bxg5 20. hxg5 Nd7 21. Qd3
1-0

[Event "Bad-Woerishofen open"]
[Site "?"]
[Date "2010.03.07"]
[Round "2.11"]
[White "Neumann, Joachim"]
[Black "Karpatchev, Alexandr"]
[Result "0-1"]
[WhiteElo "2156"]
[BlackElo "2483"]
[PlyCount "74"]
[EventDate "2010.??.??"]

1. d4 d5 2. Bf4 c5 3. e4 dxe4 4. d5 Nf6 5. Nc3 a6 6. a4 g6 7. Nge2 Bg7 8. Ng3
O-O 9. Qd2 e6 10. dxe6 Bxe6 11. Qxd8 Rxd8 12. Bg5 Nc6 13. Ngxe4 Nxe4 14. Nxe4
Nb4 15. Bxd8 Nxc2+ 16. Kd2 Nxa1 17. Bf6 Bxf6 18. Nxf6+ Kg7 19. Ne4 Rd8+ 20. Bd3
c4 21. Rxa1 Rxd3+ 22. Kc2 Bf5 23. Re1 b5 24. axb5 axb5 25. f3 b4 26. Kc1 h5 27.
Nf2 Rd7 28. Re5 Ra7 29. g4 hxg4 30. fxg4 Ra1+ 31. Kd2 Be6 32. h3 Ra2 33. Nd1
c3+ 34. Kc2 cxb2 35. Nxb2 Ra3 36. Rb5 Rxh3 37. Rxb4 Rg3 0-1

[Event "Bad-Woerishofen open"]
[Site "?"]
[Date "2010.03.07"]
[Round "2.12"]
[White "Farago, Ivan"]
[Black "Ballon, Guenther Jan"]
[Result "1-0"]
[WhiteElo "2476"]
[BlackElo "2165"]
[PlyCount "63"]
[EventDate "2010.??.??"]

1. d4 Nf6 2. c4 e6 3. Nf3 d5 4. Nc3 c6 5. Bg5 Nbd7 6. cxd5 exd5 7. e3 Be7 8.
Bd3 O-O 9. Qc2 Re8 10. h3 h6 11. Bf4 Nf8 12. O-O-O Qa5 13. Kb1 Ne6 14. Be5 Bd7
15. Nd2 b5 16. g4 Rac8 17. f4 Qd8 18. Rdg1 c5 19. g5 hxg5 20. fxg5 Nh5 21. g6
f5 22. Bxb5 cxd4 23. Bxd7 Qxd7 24. exd4 Nf8 25. Rf1 f4 26. Bxf4 Rc6 27. Be5
Nxg6 28. Qf5 Qxf5+ 29. Rxf5 Nf6 30. Rg1 Nxe5 31. dxe5 Bc5 32. exf6 1-0

[Event "Bad-Woerishofen open"]
[Site "?"]
[Date "2010.03.07"]
[Round "2.14"]
[White "Zude, Arno"]
[Black "Wittfoth, Kai-Uve"]
[Result "1/2-1/2"]
[WhiteElo "2450"]
[BlackElo "2150"]
[PlyCount "81"]
[EventDate "2010.??.??"]

1. e4 c6 2. d4 d5 3. Nc3 dxe4 4. Nxe4 Bf5 5. Ng3 Bg6 6. h4 h6 7. Nf3 Nd7 8. h5
Bh7 9. Bd3 Bxd3 10. Qxd3 Ngf6 11. Bf4 Qa5+ 12. Bd2 Qc7 13. O-O-O e6 14. Ne4
Nxe4 15. Qxe4 O-O-O 16. g3 Kb8 17. c4 Ka8 18. Bc3 Be7 19. Qe2 Bf6 20. Ne5 Nb6
21. b3 Bxe5 22. dxe5 Rxd1+ 23. Rxd1 Rd8 24. Rxd8+ Qxd8 25. Qd2 Qxd2+ 26. Kxd2
c5 27. g4 Kb8 28. Kd3 Nd7 29. f4 Kc8 30. f5 Kd8 31. f6 g5 32. hxg6 fxg6 33. Ke4
b6 34. a3 a5 35. Bd2 g5 36. b4 a4 37. Be3 Ke8 38. Bd2 Kf7 39. Bc3 Kg6 40. Kf3
Kf7 41. Ke4 1/2-1/2

[Event "Bad-Woerishofen open"]
[Site "?"]
[Date "2010.03.07"]
[Round "2.16"]
[White "Arnaudov, Petar"]
[Black "Quinn, John"]
[Result "1-0"]
[WhiteElo "2404"]
[BlackElo "2143"]
[PlyCount "81"]
[EventDate "2010.??.??"]

1. Nf3 Nf6 2. c4 g6 3. Nc3 Bg7 4. e4 d6 5. d4 O-O 6. h3 e5 7. d5 a5 8. Bg5 h6
9. Be3 Na6 10. g4 Nc5 11. Nd2 c6 12. Be2 Bd7 13. h4 a4 14. h5 g5 15. f3 Qa5 16.
Rb1 cxd5 17. cxd5 b5 18. a3 Rab8 19. Na2 Nb3 20. Nb4 Nd4 21. Bd3 Rfc8 22. Nf1
Rb7 23. Ng3 Rbc7 24. O-O Rc5 25. Kg2 R8c7 26. Qd2 Qa8 27. Ne2 Nh7 28. Qe1 Qc8
29. Qf2 Bxg4 30. fxg4 Qxg4+ 31. Ng3 f5 32. Bxd4 exd4 33. Qxf5 Nf6 34. Be2 Qxf5
35. Rxf5 Re7 36. Bd3 Ng4 37. Rf3 Ne3+ 38. Kg1 Rec7 39. Nc6 Be5 40. Nxe5 dxe5
41. d6 1-0

[Event "Bad-Woerishofen open"]
[Site "?"]
[Date "2010.03.07"]
[Round "2.17"]
[White "Gruenhagen, Marc"]
[Black "Espig, Lutz"]
[Result "0-1"]
[WhiteElo "2131"]
[BlackElo "2380"]
[PlyCount "86"]
[EventDate "2010.??.??"]

1. d4 Nf6 2. c4 d6 3. Nc3 Nbd7 4. e4 e5 5. d5 Be7 6. Be3 O-O 7. f3 Ne8 8. Qd2
h6 9. g3 Bg5 10. Bxg5 Qxg5 11. Qxg5 hxg5 12. Nh3 f6 13. Rb1 a5 14. b3 Nc5 15.
a3 g4 16. fxg4 Bxg4 17. Bg2 a4 18. b4 Nb3 19. Nf2 Bd7 20. Bh3 Bxh3 21. Nxh3 f5
22. Rf1 fxe4 23. Rxf8+ Kxf8 24. Nxe4 Nf6 25. Nhg5 Ke7 26. Nc3 Nd4 27. Rb2 Ng4
28. Nd1 Rf8 29. h3 Nh6 30. g4 Nf3+ 31. Nxf3 Rxf3 32. Nf2 Rxa3 33. Ke2 Rc3 34.
c5 a3 35. Ra2 dxc5 36. bxc5 Rxc5 37. Rxa3 Rxd5 38. Ra7 Rb5 39. Ne4 Nf7 40. h4
Nd6 41. Nxd6 cxd6 42. Kf3 Rb3+ 43. Ke4 Ke6 0-1

[Event "Bad-Woerishofen open"]
[Site "?"]
[Date "2010.03.07"]
[Round "2.18"]
[White "Hammes, Michael"]
[Black "Hornung, Hans"]
[Result "1-0"]
[WhiteElo "2375"]
[BlackElo "2139"]
[PlyCount "35"]
[EventDate "2010.??.??"]

1. d4 Nf6 2. c4 e6 3. Nc3 Bb4 4. e3 d5 5. Qa4+ Nc6 6. Nf3 Bd7 7. Qc2 O-O 8. Bd2
Re8 9. Rd1 Bf8 10. a3 e5 11. cxd5 Nxd4 12. exd4 exd4+ 13. Ne2 Nxd5 14. Bg5 f6
15. Rxd4 Bb5 16. Be3 c5 17. Rxd5 Qxd5 18. Nc3 1-0

[Event "Bad-Woerishofen open"]
[Site "?"]
[Date "2010.03.07"]
[Round "2.20"]
[White "Buecker, Stefan"]
[Black "Schiffer, Steve"]
[Result "1-0"]
[WhiteElo "2355"]
[BlackElo "2125"]
[PlyCount "63"]
[EventDate "2010.??.??"]

1. Nf3 Nf6 2. b3 g6 3. Bb2 Bg7 4. e3 d5 5. Be2 c5 6. Ne5 O-O 7. f4 b6 8. O-O e6
9. Bf3 Bb7 10. c4 Nfd7 11. d4 Nxe5 12. dxe5 Na6 13. Nc3 Nc7 14. Rf2 f6 15. exf6
Bxf6 16. Rd2 Qe7 17. Qe2 Rad8 18. Rad1 Ba6 19. a4 dxc4 20. Rxd8 Rxd8 21. Rxd8+
Qxd8 22. bxc4 Bxc4 23. Qxc4 Qd2 24. Nb5 Bxb2 25. Nxc7 Qe1+ 26. Qf1 Qxe3+ 27.
Kh1 Qxf4 28. Nxe6 Qf6 29. Qd3 Be5 30. Qd5 Bb2 31. Ng5+ Kg7 32. Qb7+ 1-0

[Event "Bad-Woerishofen open"]
[Site "?"]
[Date "2010.03.07"]
[Round "2.21"]
[White "Spanton, Tim"]
[Black "Klett, Thomas"]
[Result "1-0"]
[WhiteElo "2030"]
[BlackElo "1902"]
[PlyCount "107"]
[EventDate "2010.??.??"]

1. d4 Nf6 2. Nf3 e6 3. e3 c5 4. Bd3 Nc6 5. Nbd2 d5 6. b3 cxd4 7. exd4 Bd6 8.
Bb2 O-O 9. O-O Qc7 10. a3 e5 11. dxe5 Nxe5 12. Nxe5 Bxe5 13. Bxe5 Qxe5 14. Re1
Qc7 15. h3 Be6 16. Nf3 Rfe8 17. Nd4 a6 18. Qd2 Rad8 19. Qg5 Qc3 20. Rad1 Bd7
21. Ne2 Qa5 22. a4 Qb4 23. Qf4 Qa5 24. Qd2 Qxd2 25. Rxd2 Re7 26. Red1 Rde8 27.
Kf1 Bc6 28. Nd4 g6 29. Nxc6 bxc6 30. Bxa6 Ne4 31. Re2 f5 32. Rde1 Kf7 33. Bd3
Nc5 34. Rxe7+ Rxe7 35. Rxe7+ Kxe7 36. Ke2 Kd6 37. Ke3 Ne6 38. b4 c5 39. bxc5+
Kxc5 40. a5 Nd8 41. Kf4 Nc6 42. a6 Kb6 43. Kg5 Nb4 44. Kh6 Nxd3 45. cxd3 Kxa6
46. Kxh7 Ka5 47. Kxg6 Kb4 48. h4 Kc3 49. h5 Kxd3 50. h6 d4 51. h7 Ke2 52. h8=Q
d3 53. Qb2+ d2 54. Kxf5 1-0

[Event "Bad-Woerishofen open"]
[Site "?"]
[Date "2010.03.07"]
[Round "2.24"]
[White "Peschlow, Patrick"]
[Black "Guenther, Thomas"]
[Result "1-0"]
[WhiteElo "2307"]
[BlackElo "2104"]
[PlyCount "51"]
[EventDate "2010.??.??"]

1. e4 c5 2. Nf3 Nc6 3. d4 cxd4 4. Nxd4 Qb6 5. Nb3 Nf6 6. Nc3 e6 7. a3 a6 8. Bf4
Be7 9. e5 Ng8 10. Ne4 Qc7 11. Qg4 g6 12. Qg3 b6 13. Bd3 a5 14. O-O Ba6 15. Rad1
Bxd3 16. Rxd3 h5 17. Rfd1 Rd8 18. Nd6+ Bxd6 19. exd6 Qb7 20. Bg5 Rc8 21. Qf4 f5
22. Nd4 Nxd4 23. Qxd4 Rh7 24. Rc3 Rc6 25. h4 Kf8 26. Rdd3 1-0

[Event "Bad-Woerishofen open"]
[Site "?"]
[Date "2010.03.07"]
[Round "2.25"]
[White "Hempel, Olaf Dr"]
[Black "De, Santis Alessio"]
[Result "0-1"]
[WhiteElo "2103"]
[BlackElo "2305"]
[PlyCount "73"]
[EventDate "2010.??.??"]

1. c4 b6 2. Nc3 Bb7 3. e4 e6 4. Nf3 Bb4 5. Bd3 Na6 6. Qe2 Ne7 7. O-O Ng6 8. Bc2
e5 9. d4 exd4 10. Nxd4 Bxc3 11. bxc3 O-O 12. Qg4 Nc5 13. Nf5 Re8 14. f3 Qf6 15.
Bd2 Ne5 16. Qg3 Qg6 17. Bf4 Qxg3 18. Bxg3 d6 19. Bb3 a5 20. f4 Ned7 21. e5 dxe5
22. fxe5 Nxe5 23. Rae1 f6 24. Bxe5 fxe5 25. Ne3 Rad8 26. Rd1 Rxd1 27. Rxd1 Be4
28. Bc2 Bxc2 29. Nxc2 Kf7 30. Ne3 Ke6 31. Nd5 Rc8 32. Kf1 Na4 33. Rb1 c6 34.
Ne3 Rb8 35. Rb3 Nc5 36. Rb1 Ne4 37. Rc1 0-1

[Event "Bad-Woerishofen open"]
[Site "?"]
[Date "2010.03.07"]
[Round "2.26"]
[White "Meier, Volker"]
[Black "Born, Bernd-Ludger Dr"]
[Result "1-0"]
[WhiteElo "2304"]
[BlackElo "2089"]
[PlyCount "79"]
[EventDate "2010.??.??"]

1. e4 e6 2. d4 d5 3. Nd2 Nf6 4. e5 Nfd7 5. f4 c5 6. c3 Nc6 7. Ndf3 Qb6 8. g3
cxd4 9. cxd4 Bb4+ 10. Kf2 f5 11. Kg2 Nf8 12. Ne2 Bd7 13. h3 Be7 14. Nc3 O-O-O
15. a3 Kb8 16. b4 Rc8 17. Na4 Qd8 18. Nc5 Be8 19. Be2 h6 20. Be3 g5 21. Qd2 Rg8
22. Rh2 Ka8 23. Kh1 Nb8 24. a4 Nbd7 25. a5 Rc7 26. Rc1 Rc8 27. a6 Nxc5 28. dxc5
Rb8 29. Nd4 Qc8 30. Qa2 gxf4 31. gxf4 Rg3 32. Bf2 Rg7 33. axb7+ Qxb7 34. b5 Bd8
35. Rg2 Rxg2 36. Kxg2 Qg7+ 37. Kh2 h5 38. Nxe6 Nxe6 39. Qxd5+ Rb7 40. c6 {ZUe}
1-0

[Event "Bad-Woerishofen open"]
[Site "?"]
[Date "2010.03.07"]
[Round "2.28"]
[White "Szablowski, Pawel"]
[Black "Fiedler, Wolfgang"]
[Result "1-0"]
[WhiteElo "2298"]
[BlackElo "2081"]
[PlyCount "35"]
[EventDate "2010.??.??"]

1. e4 g6 2. d4 Bg7 3. Nc3 d6 4. Nf3 c6 5. Bf4 b6 6. Qd2 Ba6 7. O-O-O Bxf1 8.
Rhxf1 Na6 9. d5 c5 10. e5 dxe5 11. Nxe5 Bxe5 12. Bxe5 f6 13. Bg3 Kf7 14. Qe2
Nc7 15. d6 Ne8 16. d7 Ng7 17. Nb5 Ne6 18. Qc4 1-0

[Event "Bad-Woerishofen open"]
[Site "?"]
[Date "2010.03.07"]
[Round "2.31"]
[White "Woerl, Richard"]
[Black "Auschkalnis, Reinhard"]
[Result "1-0"]
[WhiteElo "2026"]
[BlackElo "1882"]
[PlyCount "51"]
[EventDate "2010.??.??"]

1. e4 c5 2. Be2 Nc6 3. c3 Qa5 4. f4 d6 5. Nf3 Nf6 6. d3 Bg4 7. Nbd2 Qc7 8. O-O
g6 9. h3 Bxf3 10. Nxf3 Bg7 11. Be3 b6 12. Qe1 O-O 13. Qh4 d5 14. e5 Ne8 15. d4
c4 16. f5 Qd7 17. Bh6 Qxf5 18. Ng5 Qc2 19. Bxg7 h5 20. Bxf8 Kxf8 21. Rxf7+ Kg8
22. Raf1 Ng7 23. Rxg7+ Kxg7 24. Ne6+ Kg8 25. Bxh5 gxh5 26. Qg5+ 1-0

[Event "Bad-Woerishofen open"]
[Site "?"]
[Date "2010.03.07"]
[Round "2.35"]
[White "Bullert, Wolfgang"]
[Black "Bauder, Herbert"]
[Result "0-1"]
[WhiteElo "1851"]
[BlackElo "2014"]
[PlyCount "38"]
[EventDate "2010.??.??"]

1. e4 c5 2. Nc3 Nc6 3. f4 g6 4. Nf3 Bg7 5. Bc4 d6 6. O-O e6 7. a4 Nge7 8. d3
O-O 9. f5 gxf5 10. Ng5 h6 11. exf5 Nxf5 12. Rxf5 exf5 13. Qh5 Ne5 14. Ba2 Qe8
15. Nd5 Ng4 16. Bd2 hxg5 17. Bc3 Bxc3 18. bxc3 Qd8 19. h3 Kg7 0-1

[Event "Bad-Woerishofen open"]
[Site "?"]
[Date "2010.03.07"]
[Round "2.37"]
[White "Trebbin, Wolfhard Dr"]
[Black "Pierecker, Markus"]
[Result "0-1"]
[WhiteElo "2061"]
[BlackElo "2258"]
[PlyCount "50"]
[EventDate "2010.??.??"]

1. d4 Nf6 2. Nf3 g6 3. g3 Bg7 4. Bg2 d6 5. O-O O-O 6. c4 Nbd7 7. Nc3 e5 8. dxe5
dxe5 9. Qc2 c6 10. h3 Re8 11. Be3 Qe7 12. Rad1 Nf8 13. Na4 N6d7 14. a3 Ne6 15.
b4 f5 16. Bc1 e4 17. Ne1 Ne5 18. f3 exf3 19. exf3 f4 20. gxf4 Nf7 21. c5 Nd4
22. Qe4 Qd8 23. Qd3 Bf5 24. Qd2 Ne2+ 25. Kh2 Qh4 0-1

[Event "Bad-Woerishofen open"]
[Site "?"]
[Date "2010.03.07"]
[Round "2.43"]
[White "Santos, Paulo"]
[Black "Lupor, Stefan"]
[Result "0-1"]
[WhiteElo "1860"]
[BlackElo "2262"]
[PlyCount "66"]
[EventDate "2010.??.??"]

1. e4 c5 2. Nc3 e6 3. g3 d5 4. exd5 exd5 5. d3 Nf6 6. Bg2 Be7 7. Nge2 O-O 8.
O-O d4 9. Ne4 Nbd7 10. Bd2 Ne5 11. h3 Nxe4 12. dxe4 Qb6 13. b3 c4 14. Nf4 Be6
15. Nxe6 Qxe6 16. f4 Nc6 17. f5 Qd6 18. Bf4 Qc5 19. Kh1 Bf6 20. Rb1 c3 21. a4
Rfe8 22. g4 Rad8 23. Qe2 Be5 24. g5 Bxf4 25. Rxf4 Ne5 26. Qf2 Qd6 27. g6 fxg6
28. f6 Rf8 29. fxg7 Kxg7 30. Rxf8 Rxf8 31. Qe2 d3 32. Qe3 dxc2 33. Rc1 Qd2 0-1

[Event "Bad-Woerishofen open"]
[Site "?"]
[Date "2010.03.07"]
[Round "2.46"]
[White "Natterer, Winfried"]
[Black "Heppell, Ian"]
[Result "0-1"]
[WhiteElo "1801"]
[BlackElo "2136"]
[PlyCount "70"]
[EventDate "2010.??.??"]

1. e4 e5 2. Nf3 d6 3. d4 exd4 4. Nxd4 Nf6 5. Nc3 Be7 6. Bd3 Nc6 7. Be3 O-O 8.
Qd2 Ne5 9. O-O-O c5 10. Nf5 Bxf5 11. exf5 d5 12. Bf4 Nxd3+ 13. Qxd3 d4 14. f3
dxc3 15. Qxc3 Qb6 16. g4 Rfd8 17. Be5 Rxd1+ 18. Rxd1 Rd8 19. Qe1 Rxd1+ 20. Qxd1
Qd8 21. Qe2 Nd7 22. f4 Nxe5 23. fxe5 Bg5+ 24. Kb1 Qd2 25. Qf1 Qf4 26. Qd1 Qxe5
27. a3 h6 28. h3 Bf6 29. c3 Qe4+ 30. Ka1 b5 31. Qd7 b4 32. axb4 cxb4 33. Qxa7
bxc3 34. Qb8+ Kh7 35. bxc3 Qc2 0-1

[Event "Bad-Woerishofen open"]
[Site "?"]
[Date "2010.03.07"]
[Round "2.52"]
[White "Stiffel, Klaus"]
[Black "Makryniotis, Konstant"]
[Result "0-1"]
[WhiteElo "1464"]
[BlackElo "1912"]
[PlyCount "65"]
[EventDate "2010.??.??"]

1. d4 Nf6 2. c4 g6 3. Nf3 Bg7 4. g3 O-O 5. Bg2 d6 6. Nc3 c6 7. a4 a5 8. O-O Na6
9. Bd2 Bg4 10. e4 Ne8 11. Qb1 Bxf3 12. Bxf3 Bxd4 13. Ne2 Bg7 14. Ra3 Qc7 15. b4
axb4 16. Bxb4 Nf6 17. Bg2 Nd7 18. Bc3 Ne5 19. Rb3 Nc5 20. Rb4 Rxa4 21. Rxa4
Nxa4 22. Qb3 Nc5 23. Qa2 Qb8 24. f4 Ned7 25. Bxg7 Kxg7 26. Bh3 Kg8 27. Bxd7
Nxd7 28. Nd4 Nc5 29. Rb1 Qa8 30. Qb2 Qa4 31. Qc2 Ra8 32. Qe2 Qa2 33. e5 0-1

[Event "Bad-Woerishofen open"]
[Site "?"]
[Date "2010.03.07"]
[Round "2.58"]
[White "Gradl, Winfried"]
[Black "Malzer, Werner"]
[Result "1-0"]
[WhiteElo "2035"]
[BlackElo "1921"]
[PlyCount "31"]
[EventDate "2010.??.??"]

1. d4 Nf6 2. Bg5 e6 3. e3 Be7 4. Bd3 d5 5. Nd2 Nbd7 6. f4 c5 7. c3 b6 8. Ngf3
Bb7 9. Ne5 O-O 10. Qf3 Nxe5 11. fxe5 Nd7 12. Qh3 g6 13. Bh6 Re8 14. O-O Bg5 15.
Bxg5 Qxg5 16. Rxf7 1-0

[Event "Bad-Woerishofen sen"]
[Site "?"]
[Date "2010.03.07"]
[Round "2.1"]
[White "Schurig, Wilhelm"]
[Black "Neese, Hans-Joachim"]
[Result "0-1"]
[WhiteElo "2030"]
[BlackElo "2246"]
[PlyCount "108"]
[EventDate "2010.??.??"]

1. Nf3 Nf6 2. g3 b5 3. Bg2 Bb7 4. O-O e6 5. d3 Bc5 6. e4 d6 7. Nbd2 Nbd7 8. c3
O-O 9. Re1 Bb6 10. Nf1 c5 11. a4 a6 12. axb5 axb5 13. Rxa8 Qxa8 14. Bf4 e5 15.
Bg5 Qa2 16. Qc2 h6 17. Bc1 Kh7 18. Nh4 g6 19. Bh3 Bc8 20. Ne3 Qa8 21. Qd2 Ng8
22. Nd5 Bd8 23. Ng2 Ndf6 24. Bxc8 Qxc8 25. Nge3 Qh3 26. f3 Nxd5 27. Nxd5 f5 28.
Qg2 Qh5 29. Be3 Ne7 30. g4 fxg4 31. fxg4 Qh4 32. Bf2 Rxf2 33. Qxf2 Qxf2+ 34.
Kxf2 Nxd5 35. exd5 Bh4+ 36. Ke2 Bxe1 37. Kxe1 c4 38. Kd2 Kg7 39. Kc2 Kf6 40.
dxc4 bxc4 41. b4 cxb3+ 42. Kxb3 e4 43. c4 Ke5 44. Kc3 e3 45. Kd3 e2 46. Kxe2
Kd4 47. Kf3 Kxc4 48. Ke4 g5 49. Kf5 Kxd5 50. Kg6 Ke5 51. Kxh6 Kf4 52. Kh5 d5
53. h4 gxh4 54. Kxh4 d4 0-1

[Event "Bad-Woerishofen sen"]
[Site "?"]
[Date "2010.03.07"]
[Round "2.3"]
[White "Federer, Hans-Joachim"]
[Black "Villing, Dieter"]
[Result "1/2-1/2"]
[WhiteElo "2024"]
[BlackElo "2214"]
[PlyCount "99"]
[EventDate "2010.??.??"]

1. c4 e5 2. g3 f5 3. Bg2 Nf6 4. Nc3 c6 5. d3 d6 6. Nf3 Be7 7. Rb1 O-O 8. O-O
Qe8 9. c5 e4 10. cxd6 Bxd6 11. dxe4 Bc7 12. e5 Ng4 13. Qb3+ Kh8 14. e6 Na6 15.
h3 Nf6 16. Be3 f4 17. gxf4 Nh5 18. f5 Rxf5 19. Qc2 Qxe6 20. Rfd1 Qe7 21. Rd4
Be6 22. Rbd1 Bb6 23. Re4 Nf6 24. Rxe6 Qxe6 25. Bxb6 Rxf3 26. Bxf3 axb6 27. Bg2
Nb4 28. Qd2 Re8 29. a3 Nbd5 30. Nxd5 Nxd5 31. e4 Nf6 32. Qd6 h6 33. Qxe6 Rxe6
34. f3 Kh7 35. Kf2 Kg6 36. Ke3 Nd5+ 37. Kf2 Nf4 38. Bf1 Re7 39. Kg3 Nh5+ 40.
Kf2 Kg5 41. Ke3 b5 42. Rd2 Ng3 43. f4+ Kh4 44. Bg2 g5 45. fxg5 Kxg5 46. Rf2 Nh5
47. Bf3 Ng7 48. Be2 Ne8 49. Rf5+ Kg6 50. Bh5+ 1/2-1/2

[Event "Bad-Woerishofen sen"]
[Site "?"]
[Date "2010.03.07"]
[Round "2.4"]
[White "Schmid, Hartmut"]
[Black "Lubberich, Alfred Dr"]
[Result "1-0"]
[WhiteElo "2162"]
[BlackElo "1901"]
[PlyCount "29"]
[EventDate "2010.??.??"]

1. e4 c5 2. c3 d5 3. exd5 Qxd5 4. Nf3 Nf6 5. d4 cxd4 6. cxd4 Nc6 7. Nc3 Qd8 8.
d5 Nb8 9. Bb5+ Bd7 10. Bc4 Qc8 11. Qe2 a6 12. Bg5 Bg4 13. Bd3 e6 14. Rc1 Nxd5
15. Nxd5 1-0

[Event "Bad-Woerishofen sen"]
[Site "?"]
[Date "2010.03.07"]
[Round "2.5"]
[White "Spurga, Josef"]
[Black "Zunker, Reinhard Dr"]
[Result "1/2-1/2"]
[WhiteElo "2011"]
[BlackElo "2178"]
[PlyCount "71"]
[EventDate "2010.??.??"]

1. e4 c5 2. Nf3 g6 3. g3 Bg7 4. Bg2 Nc6 5. O-O Nf6 6. d3 O-O 7. Nc3 d6 8. Be3
a6 9. h3 e5 10. Qd2 Nd4 11. Kh2 b5 12. Ne2 Be6 13. c3 Nxe2 14. Qxe2 Rb8 15. Qd2
Qc7 16. Nh4 d5 17. Bh6 dxe4 18. dxe4 Rfd8 19. Qe3 Bc4 20. Rfd1 Bh8 21. b3 Be6
22. f4 Rxd1 23. Rxd1 Re8 24. f5 Bc8 25. Bg5 Nd7 26. Qd2 Bg7 27. Qd5 Nf6 28. Qd6
Qxd6 29. Rxd6 Nd7 30. Be3 Bf8 31. Rc6 Kg7 32. fxg6 hxg6 33. Bf3 Nb8 34. Rb6 Nd7
35. Rc6 Nb8 36. Rb6 1/2-1/2

[Event "Bad-Woerishofen sen"]
[Site "?"]
[Date "2010.03.07"]
[Round "2.6"]
[White "Dziura, Dieter"]
[Black "Budt, Karl-Heinz"]
[Result "1/2-1/2"]
[WhiteElo "2007"]
[BlackElo "2157"]
[PlyCount "43"]
[EventDate "2010.??.??"]

1. Nf3 Nf6 2. c4 e6 3. g3 b6 4. Bg2 Bb7 5. b3 Be7 6. Bb2 O-O 7. O-O c5 8. Nc3
d5 9. cxd5 Nxd5 10. d4 Nxc3 11. Bxc3 cxd4 12. Qxd4 Qxd4 13. Bxd4 Nc6 14. Bc3
Ba6 15. Ne5 Nxe5 16. Bxa8 Bf6 17. Bxe5 Bxe5 18. Bf3 Bxa1 19. Rxa1 Rd8 20. e3
Rd2 21. Rd1 Rxd1+ 22. Bxd1 1/2-1/2